000 00719nam a22001815i 4500
001 162402
003 ES-MaACL
005 20230906212521.0
008 020912s1897 sp |||| | spa d
040 _aCCPB | B
_bspa
_cCCPB | B
100 1 _aPombo y Sánchez, Leopoldo.
_9131255
245 1 0 _aRayos de Röntgen
_b: sus aplicaciones á la medicina y á la cirugía : tesis del doctorado /
_cpor Leopoldo Pombo y Sánchez.
260 _aMadrid :
_b[s.n.],
_c1897 (
_fLuis Parra, impresor)
300 _a28 p. ;
_c25 cm.
594 1 _aPrecede al tít.: "Facultad de Medicina"
650 4 _aRayos X.
_9136804
852 _aES-MaACL
_jT-1313-F-9
_z-- Enc. hol., conservando la cub. original
_z-- Enc. en un vol. facticio
999 _c162402
_d162402